| 000 | 00833cam a2200241 a 4500 | ||
|---|---|---|---|
| 020 | _a0803983239 | ||
| 020 | _a0803983247 (pbk) | ||
| 040 | _cDLC | ||
| 082 | 0 | 0 | _a301 SAG 1990 A017 Or. |
| 245 | 0 | 0 |
_aGlobalization, knowledge, and society : _breadings from International sociology / |
| 260 |
_aLondon ; _aNewbury Park : _bSage Publications, _c1990. |
||
| 300 |
_avi, 280 p. ; _c24 cm. |
||
| 500 | _a"In association with the International Sociological Association/ISA." | ||
| 650 | 0 | _aSociology | |
| 650 | 0 | _aKnowledge, Sociology of. | |
| 650 | 0 | _aSocial change. | |
| 650 | 0 | _aSocial movements. | |
| 700 | 1 | _aAlbrow, Martin. | |
| 700 | 1 | _aKing, Elizabeth, | |
| 856 | 4 | 2 | _uhttp://www.loc.gov/catdir/enhancements/fy0656/90061354-d.html |
| 856 | 4 | 1 | _uhttp://www.loc.gov/catdir/enhancements/fy0656/90061354-t.html |
| 942 | _cEK | ||
| 999 |
_c11852 _d11852 |
||